Statistics for Do you know all champions from LOL?

Click here to take the quiz!

General Stats

  • This quiz has been taken 190 times
    (35 since last reset)
  • The average score is 111 of 167

Answer Stats

Answer% Correct
Yone
96%
Annie
92%
Ashe
92%
Darius
92%
Yasuo
92%
Ahri
88%
Akali
88%
Alistar
88%
Blitzcrank
88%
Garen
88%
Janna
88%
Lux
88%
Caitlyn
85%
Lucian
85%
Lulu
85%
Aatrox
81%
Aphelios
81%
Azir
81%
Draven
81%
Ezreal
81%
Kha'Zix
81%
Teemo
81%
Vi
81%
Xin Zhao
81%
Anivia
77%
Brand
77%
Gangplank
77%
Heimerdinger
77%
Jayce
77%
Jhin
77%
Kai'Sa
77%
Miss Fortune
77%
Nautilus
77%
Ornn
77%
Soraka
77%
Yuumi
77%
Zed
77%
Amumu
73%
Aurelion Sol
73%
Bard
73%
Braum
73%
Camille
73%
Cassiopeia
73%
Cho'Gath
73%
Ekko
73%
Elise
73%
Fizz
73%
Gnar
73%
Irelia
73%
Jinx
73%
Master Yi
73%
Renekton
73%
Samira
73%
Senna
73%
Sett
73%
Vayne
73%
Akshan
69%
Corki
69%
Evelynn
69%
Fiddlesticks
69%
Fiora
69%
Gwen
69%
Hecarim
69%
Jax
69%
Katarina
69%
Kayle
69%
Malphite
69%
Morgana
69%
Olaf
69%
Orianna
69%
Pantheon
69%
Sion
69%
Tristana
69%
Trundle
69%
Warwick
69%
Xayah
69%
Xerath
69%
Illaoi
65%
Ivern
65%
Jarvan IV
65%
K’sante
65%
K'Sante
65%
Leona
65%
Malzahar
65%
Nami
65%
Nasus
65%
Rakan
65%
Rumble
65%
Shaco
65%
Singed
65%
Sona
65%
Taric
65%
Thresh
65%
Varus
65%
Viktor
65%
Yorick
65%
Zac
65%
Ziggs
65%
Diana
62%
Kalista
62%
Kindred
62%
Maokai
62%
Mordekaiser
62%
Nidalee
62%
Poppy
62%
Qiyana
62%
Rammus
62%
Riven
62%
Shyvana
62%
Sylas
62%
Urgot
62%
Volibear
62%
Zeri
62%
Galio
58%
Gragas
58%
Graves
58%
Karthus
58%
Kayn
58%
Kennen
58%
Neeko
58%
Pyke
58%
Rek'Sai
58%
Seraphine
58%
Syndra
58%
Tahm Kench
58%
Talon
58%
Tryndamere
58%
Twitch
58%
Veigar
58%
Wukong
58%
Zoe
58%
Zyra
58%
Bel'Veth
54%
Briar
54%
Kassadin
54%
Kog'Maw
54%
Lillia
54%
Milio
54%
Quinn
54%
Rengar
54%
Ryze
54%
Sejuani
54%
Sivir
54%
Swain
54%
Twisted Fate
54%
Udyr
54%
Vel'Koz
54%
Viego
54%
Zilean
54%
Dr. Mundo
50%
Hwei
50%
Kled
50%
Lee Sin
50%
Lissandra
50%
Naafiri
50%
Nilah
50%
Rell
50%
Renata Glasc
50%
Karma
46%
Nunu & Willump
46%
Shen
46%
Skarner
46%
Taliyah
46%
Vex
46%
Nocturne
42%
LeBlanc
38%
Vladimir
35%

Score Distribution

Percentile by Number Answered

Percent of People with Each Score

Your Score History

You have not taken this quiz since the last reset